| 000 | nam a22 7a 4500 | ||
|---|---|---|---|
| 999 |
_c49096 _d49096 |
||
| 005 | 20230405144947.0 | ||
| 008 | 200427b xxu||||| |||| 00| 0 eng d | ||
| 040 | _aANE | ||
| 041 | _aEs | ||
| 100 | _aGarcía Marco,M. Teresa | ||
| 245 | _aEnsayos sobre la influencia de las estructura financiera en la inversión empresarial | ||
| 260 |
_aGetafe _c1996 |
||
| 300 | _a141 p. | ||
| 650 | _aInfluencia | ||
| 650 | _aEstructura Financiera | ||
| 650 | _aInversión Empresarial | ||
| 856 | _uhttp://documentacion.asambleanacional.gob.ec/alfresco/d/d/workspace/SpacesStore/dca8c746-69c4-4046-9d04-78471c066cc3/TESIS%20DOCTORAL%20ENSAYOS%20SOBRE%20LA%20INFLUENCIA%20DE%20LA%20ESTRUCTURA%20FINANCIERA.pdf | ||
| 942 |
_2ddc _cBV _zNr. |
||